| 000 | 22300cam a22020054i 4500 | ||
|---|---|---|---|
| 001 | u10149 | ||
| 003 | PE-LiUPU | ||
| 005 | 20250731180046.0 | ||
| 008 | 150518s2013 pe a rb 001 0 spa d | ||
| 020 | _a9786124179167 | ||
| 035 | _a(Sirsi) i9786124179167 | ||
| 040 |
_aPE-LiUPU _bspa _cPE-LiUPU _erda |
||
| 049 | _aPRUA | ||
| 082 | 0 | 4 |
_a515.43 _bL74 |
| 082 | 0 | 4 |
_a515.43 _bL81 2013 |
| 082 | 0 | 4 |
_a515.43 _bL81 T3 2013 |
| 100 | 1 |
_aLoa, Gabriel, _eautor. |
|
| 245 | 1 | 0 |
_aCálculo integral : _bcon aplicaciones en la vida diaria, pasito a pasito... / _cGabriel Loa, Jorge Franco M. |
| 250 | _aPrimera edición. | ||
| 264 | 1 |
_aLima-Perú : _bMegabyte, _c2013. |
|
| 300 |
_a391 páginas : _bilustraciones ; _c25 centímetros. |
||
| 336 |
_atext _2rdacontent |
||
| 337 |
_aunmediated _2rdamedia |
||
| 338 |
_avolume _2rdacarrier |
||
| 490 | 0 |
_aAvanzar ; _v3 |
|
| 504 | _aBibliografía : página 391. | ||
| 504 | _aÍndice : páginas 383-390. | ||
| 505 | 0 | _aDiferenciales -- La integral indefinida -- Técnicas de integración -- Integral definida -- Integración aproximada -- Áreas -- Aplicaciones -- Ecuaciones diferenciales. | |
| 526 | _aSEG44 | ||
| 526 | _aSEG26 | ||
| 526 | _aP159 | ||
| 526 | _aP155 | ||
| 526 | _aP154 | ||
| 526 | _aP153 | ||
| 526 | _aP150 | ||
| 526 | _aP100 | ||
| 526 | _aP31 | ||
| 526 | _aP30 | ||
| 526 | _aP26 | ||
| 526 | _aP25 | ||
| 526 | _aP24 | ||
| 526 | _aP22 | ||
| 526 | _aP15 | ||
| 526 | _aP10 | ||
| 541 | _g002-000060; | ||
| 596 | _a1 2 3 | ||
| 650 | 1 | 4 | _aCálculo integral. |
| 700 | 1 |
_aFranco M., Jorge, _eautor. |
|
| 770 |
_tCálculo integral con aplicaciones en la vida diaria, pasito a pasito... notebook de trabajo. _0COMPRA _oFJ02309, FJ02310, FJ02311, FJ02312, FJ02313, FJ02314, FJ02315, FJ02316, FJ02317, FJ02318, FJ02319, FJ02320, FJ02321, FJ02322, FJ02323, FJ02324, FJ02325, FJ02326, FJ02327, FJ02328, FJ02329, FJ02330, FJ02331. |
||
| 770 |
_tCálculo integral con aplicaciones en la vida diaria, pasito a pasito... notebook de trabajo. _0COMPRA _oFT00479, FT00335 |
||
| 770 | 0 |
_tCálculo integral con aplicaciones en la vida diaria, pasito a pasito... notebook de trabajo. _0COMPRA _o71264 |
|
| 910 |
_ardg _bjck _crdg _d20150518 |
||
| 910 |
_btqv _cjhc _d20160928 |
||
| 910 |
_btqv _cjfb _d20180704 |
||
| 942 |
_2ddc _cBOOK |
||
| 994 |
_aC0 _bPEPRU |
||
| 949 |
_a515.43 L74 2013 _wDEWEY _c1 _iFJ02309 _f2017-12-28 _g1 _lCCODEBUJ1 _mBUJ _p21.00 _r0 _sY _tBOOK _u2016-11-22 _xINGENIERIA _PP25 _0UNKNOWN _o.STAFF. Colección General Juliaca |
||
| 949 |
_a515.43 L74 2013 _wDEWEY _c1 _iFT00335 _lCCODEBUT1 _mBUT _p21.00 _r0 _sY _tBOOK _u2017-10-11 _xINGENIERIA _PP06 _0COMPRA _o.STAFF. Colección General |
||
| 949 |
_a515.43 L74 2013 _wDEWEY _c10 _iFJ02318 _f2017-12-28 _g1 _lCCODEBUJ1 _mBUJ _p21.00 _r0 _sY _tBOOK _u2016-11-22 _xINGENIERIA _PP25 _0UNKNOWN _o.STAFF. Colección General Juliaca |
||
| 949 |
_a515.43 L74 2013 _wDEWEY _c11 _iFJ02319 _f2017-12-28 _g1 _lCCODEBUJ1 _mBUJ _p21.00 _r0 _sY _tBOOK _u2016-11-22 _xINGENIERIA _PP25 _0UNKNOWN _o.STAFF. Colección General Juliaca |
||
| 949 |
_a515.43 L74 2013 _wDEWEY _c12 _iFJ02320 _f2017-12-28 _g1 _lCCODEBUJ1 _mBUJ _p21.00 _r0 _sY _tBOOK _u2016-11-22 _xINGENIERIA _PP25 _0UNKNOWN _o.STAFF. Colección General Juliaca |
||
| 949 |
_a515.43 L74 2013 _wDEWEY _c13 _iFJ02321 _f2017-12-28 _g1 _lCCODEBUJ1 _mBUJ _p21.00 _r0 _sY _tBOOK _u2016-11-22 _xINGENIERIA _PP25 _0UNKNOWN _o.STAFF. Colección General Juliaca |
||
| 949 |
_a515.43 L74 2013 _wDEWEY _c14 _iFJ02322 _f2017-12-28 _g1 _lCCODEBUJ1 _mBUJ _p21.00 _r0 _sY _tBOOK _u2016-11-22 _xINGENIERIA _PP25 _0UNKNOWN _o.STAFF. Colección General Juliaca |
||
| 949 |
_a515.43 L74 2013 _wDEWEY _c15 _iFJ02323 _f2017-12-28 _g1 _lCCODEBUJ1 _mBUJ _p21.00 _r0 _sY _tBOOK _u2016-11-22 _xINGENIERIA _PP25 _0UNKNOWN _o.STAFF. Colección General Juliaca |
||
| 949 |
_a515.43 L74 2013 _wDEWEY _c16 _iFJ02324 _f2017-12-28 _g1 _lCCODEBUJ1 _mBUJ _p21.00 _r0 _sY _tBOOK _u2016-11-22 _xINGENIERIA _PP25 _0UNKNOWN _o.STAFF. Colección General Juliaca |
||
| 949 |
_a515.43 L74 2013 _wDEWEY _c17 _iFJ02325 _f2017-12-28 _g1 _lCCODEBUJ1 _mBUJ _p21.00 _r0 _sY _tBOOK _u2016-11-22 _xINGENIERIA _PP25 _0UNKNOWN _o.STAFF. Colección General Juliaca |
||
| 949 |
_a515.43 L74 2013 _wDEWEY _c18 _iFJ02326 _f2017-12-28 _g1 _lCCODEBUJ1 _mBUJ _p21.00 _r0 _sY _tBOOK _u2016-11-22 _xINGENIERIA _PP25 _0UNKNOWN _o.STAFF. Colección General Juliaca |
||
| 949 |
_a515.43 L74 2013 _wDEWEY _c19 _iFJ02327 _f2017-12-28 _g1 _lCCODEBUJ1 _mBUJ _p21.00 _r0 _sY _tBOOK _u2016-11-22 _xINGENIERIA _PP25 _0UNKNOWN _o.STAFF. Colección General Juliaca |
||
| 949 |
_a515.43 L74 2013 _wDEWEY _c2 _iFJ02310 _f2017-12-28 _g1 _lCCODEBUJ1 _mBUJ _p21.00 _r0 _sY _tBOOK _u2016-11-22 _xINGENIERIA _PP25 _0UNKNOWN _o.STAFF. Colección General Juliaca |
||
| 949 |
_a515.43 L74 2013 _wDEWEY _c2 _iFT00479 _lCCODEBUT1 _mBUT _r0 _sY _tBOOK _u2017-10-11 _xINGENIERIA _PP06 _0COMPRA _o.STAFF. Colección General |
||
| 949 |
_a515.43 L74 2013 _wDEWEY _c20 _iFJ02328 _f2017-12-28 _g1 _lCCODEBUJ1 _mBUJ _p21.00 _r0 _sY _tBOOK _u2016-11-22 _xINGENIERIA _PP25 _0UNKNOWN _o.STAFF. Colección General Juliaca |
||
| 949 |
_a515.43 L74 2013 _wDEWEY _c21 _iFJ02329 _f2017-12-28 _g1 _lCCODEBUJ1 _mBUJ _p21.00 _r0 _sY _tBOOK _u2016-11-22 _xINGENIERIA _PP25 _0UNKNOWN _o.STAFF. Colección General Juliaca |
||
| 949 |
_a515.43 L74 2013 _wDEWEY _c22 _iFJ02330 _f2017-12-28 _g1 _lCCODEBUJ1 _mBUJ _p21.00 _r0 _sY _tBOOK _u2016-11-22 _xINGENIERIA _PP25 _0UNKNOWN _o.STAFF. Colección General Juliaca |
||
| 949 |
_a515.43 L74 2013 _wDEWEY _c23 _iFJ02331 _f2017-12-28 _g1 _lCCODEBUJ1 _mBUJ _p21.00 _r0 _sY _tBOOK _u2016-11-22 _xINGENIERIA _PP25 _0UNKNOWN _o.STAFF. Colección General Juliaca |
||
| 949 |
_a515.43 L74 2013 _wDEWEY _c3 _iFJ02311 _f2017-12-28 _g1 _lCCODEBUJ1 _mBUJ _p21.00 _r0 _sY _tBOOK _u2016-11-22 _xINGENIERIA _PP25 _0UNKNOWN _o.STAFF. Colección General Juliaca |
||
| 949 |
_a515.43 L74 2013 _wDEWEY _c4 _iFJ02312 _f2017-12-28 _g1 _lCCODEBUJ1 _mBUJ _p21.00 _r0 _sY _tBOOK _u2016-11-22 _xINGENIERIA _PP25 _0COMPRA _o.STAFF. Colección General Juliaca |
||
| 949 |
_a515.43 L74 2013 _wDEWEY _c5 _iFJ02313 _f2017-12-28 _g1 _lCCODEBUJ1 _mBUJ _p21.00 _r0 _sY _tBOOK _u2016-11-22 _xINGENIERIA _PP25 _0UNKNOWN _o.STAFF. Colección General Juliaca |
||
| 949 |
_a515.43 L74 2013 _wDEWEY _c6 _iFJ02314 _f2017-12-28 _g1 _lCCODEBUJ1 _mBUJ _p21.00 _r0 _sY _tBOOK _u2016-11-22 _xINGENIERIA _PP25 _0UNKNOWN _o.STAFF. Colección General Juliaca |
||
| 949 |
_a515.43 L74 2013 _wDEWEY _c7 _iFJ02315 _f2017-12-28 _g1 _lCCODEBUJ1 _mBUJ _p21.00 _r0 _sY _tBOOK _u2016-11-22 _xINGENIERIA _PP25 _0UNKNOWN _o.STAFF. Colección General Juliaca |
||
| 949 |
_a515.43 L74 2013 _wDEWEY _c8 _iFJ02316 _f2017-12-28 _g1 _lCCODEBUJ1 _mBUJ _p21.00 _r0 _sY _tBOOK _u2016-11-22 _xINGENIERIA _PP25 _0UNKNOWN _o.STAFF. Colección General Juliaca |
||
| 949 |
_a515.43 L74 2013 _wDEWEY _c9 _iFJ02317 _f2017-12-28 _g1 _lCCODEBUJ1 _mBUJ _p21.00 _r0 _sY _tBOOK _u2016-11-22 _xINGENIERIA _PP25 _0UNKNOWN _o.STAFF. Colección General Juliaca |
||
| 949 |
_a515.43 L74 _wDEWEY _c1 _i71263 _d2017-11-27 _e2017-11-27 _f2017-2-12 _g3 _kCHECKEDOUT _lCCODEBUL1 _mBUL _n1 _p50.00 _q1 _rM _sY _tBOOK _u2015-5-18 _xINGENIERIA _0COMPRA _o.STAFF. Colección General |
||
| 949 |
_a515.43 L81 2013 _wDEWEY _c1 _iFT01019 _lCCODEBUT1 _mBUT _p25.00 _r0 _sY _tBOOK _u2017-10-11 _xINGENIERIA _PP06 _0COMPRA _o.STAFF. Colección General |
||
| 949 |
_a515.43 L81 2013 _wDEWEY _c2 _iFT00297 _lCCODEBUT1 _mBUT _p25.00 _r0 _sY _tBOOK _u2017-10-11 _xINGENIERIA _PP06 _0COMPRA _o.STAFF. Colección General |
||
| 949 |
_a515.43 L81 2013 _wDEWEY _c3 _iFT03463 _lCCODEBUT1 _mBUT _p20.00 _r0 _sY _tBOOK _u2018-5-8 _xINGENIERIA _PP06 _0DONACION _o.STAFF. Coleccion general |
||
| 949 |
_a515.43 L81 T3 2013 _wDEWEY _c1 _iFJ02284 _lCCODEBUJ1 _mBUJ _n3 _p45.00 _q1 _r0 _sY _tBOOK _u2016-9-29 _xINGENIERIA _PP25 _0COMPRA _o.STAFF. Colección General Juliaca |
||
| 949 |
_a515.43 L81 T3 2013 _wDEWEY _c10 _iFJ02293 _d2016-11-23 _e2016-11-21 _f2017-12-28 _g1 _lCCODEBUJ1 _mBUJ _n1 _p45.00 _r0 _sY _tBOOK _u2016-9-29 _xINGENIERIA _PP25 _0COMPRA _o.STAFF. Colección General Juliaca |
||
| 949 |
_a515.43 L81 T3 2013 _wDEWEY _c11 _iFJ02294 _f2017-12-28 _g1 _lCCODEBUJ1 _mBUJ _p45.00 _r0 _sY _tBOOK _u2016-9-29 _xINGENIERIA _PP25 _0COMPRA _o.STAFF. Colección General Juliaca |
||
| 949 |
_a515.43 L81 T3 2013 _wDEWEY _c12 _iFJ02295 _f2017-12-28 _g1 _lCCODEBUJ1 _mBUJ _p45.00 _r0 _sY _tBOOK _u2016-9-29 _xINGENIERIA _PP25 _0COMPRA _o.STAFF. Colección General Juliaca |
||
| 949 |
_a515.43 L81 T3 2013 _wDEWEY _c13 _iFJ02296 _f2017-12-28 _g1 _lCCODEBUJ1 _mBUJ _p45.00 _r0 _sY _tBOOK _u2016-9-29 _xINGENIERIA _PP25 _0COMPRA _o.STAFF. Colección General Juliaca |
||
| 949 |
_a515.43 L81 T3 2013 _wDEWEY _c14 _iFJ02297 _f2017-12-28 _g1 _lCCODEBUJ1 _mBUJ _p45.00 _r0 _sY _tBOOK _u2016-9-29 _xINGENIERIA _PP25 _0COMPRA _o.STAFF. Colección General Juliaca |
||
| 949 |
_a515.43 L81 T3 2013 _wDEWEY _c15 _iFJ02298 _d2018-4-27 _e2018-4-18 _f2017-12-28 _g1 _lCCODEBUJ1 _mBUJ _n2 _p45.00 _q1 _r0 _sY _tBOOK _u2016-9-29 _xINGENIERIA _PP25 _0COMPRA _o.STAFF. Colección General Juliaca |
||
| 949 |
_a515.43 L81 T3 2013 _wDEWEY _c16 _iFJ02299 _f2017-12-28 _g1 _lCCODEBUJ1 _mBUJ _p45.00 _r0 _sY _tBOOK _u2016-9-29 _xINGENIERIA _PP25 _0COMPRA _o.STAFF. Colección General Juliaca |
||
| 949 |
_a515.43 L81 T3 2013 _wDEWEY _c17 _iFJ02300 _f2017-12-28 _g1 _lCCODEBUJ1 _mBUJ _p45.00 _r0 _sY _tBOOK _u2016-9-29 _xINGENIERIA _PP25 _0COMPRA _o.STAFF. Colección General Juliaca |
||
| 949 |
_a515.43 L81 T3 2013 _wDEWEY _c18 _iFJ02301 _f2017-12-28 _g1 _lCCODEBUJ1 _mBUJ _p45.00 _r0 _sY _tBOOK _u2016-9-29 _xINGENIERIA _PP25 _0COMPRA _o.STAFF. Colección General Juliaca |
||
| 949 |
_a515.43 L81 T3 2013 _wDEWEY _c19 _iFJ02302 _f2017-12-28 _g1 _lCCODEBUJ1 _mBUJ _p45.00 _r0 _sY _tBOOK _u2016-9-29 _xINGENIERIA _PP25 _0COMPRA _o.STAFF. Colección General Juliaca |
||
| 949 |
_a515.43 L81 T3 2013 _wDEWEY _c2 _iFJ02285 _f2017-12-28 _g1 _lCCODEBUJ1 _mBUJ _p45.00 _r0 _sY _tBOOK _u2016-9-29 _xINGENIERIA _PP25 _0COMPRA _o.STAFF. Colección General Juliaca |
||
| 949 |
_a515.43 L81 T3 2013 _wDEWEY _c20 _iFJ02303 _d2018-5-21 _e2018-4-20 _f2017-12-28 _g1 _lCCODEBUJ1 _mBUJ _n1 _p45.00 _q1 _r0 _sY _tBOOK _u2016-9-29 _xINGENIERIA _PP25 _0COMPRA _o.STAFF. Colección General Juliaca |
||
| 949 |
_a515.43 L81 T3 2013 _wDEWEY _c21 _iFJ02304 _d2018-4-27 _e2018-3-8 _f2017-12-28 _g1 _lCCODEBUJ1 _mBUJ _n1 _p45.00 _q1 _r0 _sY _tBOOK _u2016-9-29 _xINGENIERIA _PP25 _0COMPRA _o.STAFF. Colección General Juliaca |
||
| 949 |
_a515.43 L81 T3 2013 _wDEWEY _c22 _iFJ02305 _f2017-12-28 _g1 _lCCODEBUJ1 _mBUJ _p45.00 _r0 _sY _tBOOK _u2016-9-29 _xINGENIERIA _PP25 _0COMPRA _o.STAFF. Colección General Juliaca |
||
| 949 |
_a515.43 L81 T3 2013 _wDEWEY _c23 _iFJ02306 _d2018-3-9 _e2018-3-6 _f2017-12-28 _g1 _lCCODEBUJ1 _mBUJ _n3 _p45.00 _q1 _r0 _sY _tBOOK _u2016-9-29 _xINGENIERIA _PP25 _0COMPRA _o.STAFF. Colección General Juliaca |
||
| 949 |
_a515.43 L81 T3 2013 _wDEWEY _c3 _iFJ02286 _f2017-12-28 _g1 _lCCODEBUJ1 _mBUJ _p45.00 _r0 _sY _tBOOK _u2016-9-29 _xINGENIERIA _PP25 _0COMPRA _o.STAFF. Colección General Juliaca |
||
| 949 |
_a515.43 L81 T3 2013 _wDEWEY _c4 _iFJ02287 _d2018-5-28 _e2018-5-23 _f2017-12-28 _g1 _lCCODEBUJ1 _mBUJ _n2 _p45.00 _q3 _r0 _sY _tBOOK _u2016-9-29 _xINGENIERIA _PP25 _0COMPRA _o.STAFF. Colección General Juliaca |
||
| 949 |
_a515.43 L81 T3 2013 _wDEWEY _c5 _iFJ02288 _d2018-3-22 _e2018-3-19 _f2017-12-28 _g1 _lCCODEBUJ1 _mBUJ _n2 _p45.00 _r0 _sY _tBOOK _u2016-9-29 _xINGENIERIA _PP25 _0COMPRA _o.STAFF. Colección General Juliaca |
||
| 949 |
_a515.43 L81 T3 2013 _wDEWEY _c6 _iFJ02289 _f2017-12-28 _g1 _lCCODEBUJ1 _mBUJ _p45.00 _r0 _sY _tBOOK _u2016-9-29 _xINGENIERIA _PP25 _0COMPRA _o.STAFF. Colección General Juliaca |
||
| 949 |
_a515.43 L81 T3 2013 _wDEWEY _c7 _iFJ02290 _f2017-12-28 _g1 _lCCODEBUJ1 _mBUJ _p45.00 _r0 _sY _tBOOK _u2016-9-29 _xINGENIERIA _PP25 _0COMPRA _o.STAFF. Colección General Juliaca |
||
| 949 |
_a515.43 L81 T3 2013 _wDEWEY _c8 _iFJ02291 _d2018-5-31 _e2018-5-31 _f2017-12-28 _g1 _kCHECKEDOUT _lCCODEBUJ1 _mBUJ _n1 _p45.00 _rM _sY _tBOOK _u2016-9-29 _xINGENIERIA _PP25 _0COMPRA _o.STAFF. Colección General Juliaca |
||
| 949 |
_a515.43 L81 T3 2013 _wDEWEY _c9 _iFJ02292 _f2017-12-28 _g1 _lCCODEBUJ1 _mBUJ _p45.00 _r0 _sY _tBOOK _u2016-9-29 _xINGENIERIA _PP25 _0COMPRA _o.STAFF. Colección General Juliaca |
||
| 949 |
_a515.43 L81 T3 2013 _wDEWEY _c10 _iFJ11080 _g1 _lCCODEBUJ1 _mBUJ _p25.00 _r0 _sY _tBOOK _u2018-07-04 _xINGENIERIA _PP25 _0COMPRA _o.STAFF. Colección General Juliaca |
||
| 949 |
_a515.43 L74 T3 2013 _wDEWEY _c10 _iFJ11079 _g1 _lCCODEBUJ1 _mBUJ _p21.00 _r0 _sY _tBOOK _u2018-07-04 _xINGENIERIA _PP25 _0COMPRA _o.STAFF. Colección General Juliaca |
||
| 994 |
_aCO _bPEPRU |
||
| 999 |
_a515.43 L74 _wDEWEY _c167 _i71263 _d167 _e2017-11-27 _f2021-11-9 _g6 _lCCODEBUL1 _mBUL _n1 _p50.00 _q2 _r0 _sY _tBOOK _u2015-5-18 _xINGENIERIA _PP26 _0COMPRA _o.STAFF. Colección General |
||
| 999 |
_a515.43 L81 T3 2013 _wDEWEY _c1 _iFJ02284 _d2019-4-16 _e2019-4-14 _f2022-1-19 _g4 _lCCODEBUJ1 _mBUJ _n4 _p45.00 _q2 _r0 _sY _tBOOK _u2016-9-29 _xINGENIERIA _PP25 _0COMPRA _o.STAFF. Colección General Juliaca |
||
| 999 |
_a515.43 L81 T3 2013 _wDEWEY _c2 _iFJ02285 _d2019-8-26 _e2019-8-21 _f2022-1-19 _g4 _lCCODEBUJ1 _mBUJ _n4 _p45.00 _q5 _r0 _sY _tBOOK _u2016-9-29 _xINGENIERIA _PP25 _0COMPRA _o.STAFF. Colección General Juliaca |
||
| 999 |
_a515.43 L81 T3 2013 _wDEWEY _c3 _iFJ02286 _d2022-5-5 _e2022-5-3 _f2022-1-19 _g4 _lCCODEBUJ1 _mBUJ _n1 _p45.00 _r0 _sY _tBOOK _u2016-9-29 _xINGENIERIA _PP25 _0COMPRA _o.STAFF. Colección General Juliaca |
||
| 999 |
_a515.43 L81 T3 2013 _wDEWEY _c4 _iFJ02287 _d2019-5-20 _e2019-5-13 _f2022-1-19 _g4 _lCCODEBUJ1 _mBUJ _n5 _p45.00 _q6 _r0 _sY _tBOOK _u2016-9-29 _xINGENIERIA _PP25 _0COMPRA _o.STAFF. Colección General Juliaca |
||
| 999 |
_a515.43 L81 T3 2013 _wDEWEY _c5 _iFJ02288 _d2019-3-8 _e2019-3-7 _f2022-1-19 _g4 _lCCODEBUJ1 _mBUJ _n3 _p45.00 _r0 _sY _tBOOK _u2016-9-29 _xINGENIERIA _PP25 _0COMPRA _o.STAFF. Colección General Juliaca |
||
| 999 |
_a515.43 L81 T3 2013 _wDEWEY _c6 _iFJ02289 _f2022-1-19 _g4 _lCCODEBUJ1 _mBUJ _p45.00 _r0 _sY _tBOOK _u2016-9-29 _xINGENIERIA _PP25 _0COMPRA _o.STAFF. Colección General Juliaca |
||
| 999 |
_a515.43 L81 T3 2013 _wDEWEY _c7 _iFJ02290 _d2019-5-27 _e2019-5-24 _f2022-1-19 _g4 _lCCODEBUJ1 _mBUJ _n2 _p45.00 _q5 _r0 _sY _tBOOK _u2016-9-29 _xINGENIERIA _PP25 _0COMPRA _o.STAFF. Colección General Juliaca |
||
| 999 |
_a515.43 L81 T3 2013 _wDEWEY _c8 _iFJ02291 _d2019-5-16 _e2018-6-5 _f2022-1-19 _g4 _lCCODEBUJ1 _mBUJ _n2 _p45.00 _q2 _r0 _sY _tBOOK _u2016-9-29 _xINGENIERIA _PP25 _0COMPRA _o.STAFF. Colección General Juliaca |
||
| 999 |
_a515.43 L81 T3 2013 _wDEWEY _c9 _iFJ02292 _f2022-1-19 _g4 _lCCODEBUJ1 _mBUJ _p45.00 _r0 _sY _tBOOK _u2016-9-29 _xINGENIERIA _PP25 _0COMPRA _o.STAFF. Colección General Juliaca |
||
| 999 |
_a515.43 L81 T3 2013 _wDEWEY _c10 _iFJ02293 _d2016-11-23 _e2016-11-21 _f2022-1-19 _g4 _lCCODEBUJ1 _mBUJ _n1 _p45.00 _r0 _sY _tBOOK _u2016-9-29 _xINGENIERIA _PP25 _0COMPRA _o.STAFF. Colección General Juliaca |
||
| 999 |
_a515.43 L81 T3 2013 _wDEWEY _c11 _iFJ02294 _f2022-1-19 _g4 _lCCODEBUJ1 _mBUJ _p45.00 _r0 _sY _tBOOK _u2016-9-29 _xINGENIERIA _PP25 _0COMPRA _o.STAFF. Colección General Juliaca |
||
| 999 |
_a515.43 L81 T3 2013 _wDEWEY _c12 _iFJ02295 _f2022-1-19 _g4 _lCCODEBUJ1 _mBUJ _p45.00 _r0 _sY _tBOOK _u2016-9-29 _xINGENIERIA _PP25 _0COMPRA _o.STAFF. Colección General Juliaca |
||
| 999 |
_a515.43 L81 T3 2013 _wDEWEY _c13 _iFJ02296 _f2022-1-19 _g4 _lCCODEBUJ1 _mBUJ _p45.00 _r0 _sY _tBOOK _u2016-9-29 _xINGENIERIA _PP25 _0COMPRA _o.STAFF. Colección General Juliaca |
||
| 999 |
_a515.43 L81 T3 2013 _wDEWEY _c14 _iFJ02297 _f2022-1-19 _g4 _lCCODEBUJ1 _mBUJ _p45.00 _r0 _sY _tBOOK _u2016-9-29 _xINGENIERIA _PP25 _0COMPRA _o.STAFF. Colección General Juliaca |
||
| 999 |
_a515.43 L81 T3 2013 _wDEWEY _c15 _iFJ02298 _d2018-4-27 _e2018-4-18 _f2022-1-19 _g4 _lCCODEBUJ1 _mBUJ _n2 _p45.00 _q1 _r0 _sY _tBOOK _u2016-9-29 _xINGENIERIA _PP25 _0COMPRA _o.STAFF. Colección General Juliaca |
||
| 999 |
_a515.43 L81 T3 2013 _wDEWEY _c16 _iFJ02299 _d2019-10-2 _f2022-1-19 _g4 _lCCODEBUJ1 _mBUJ _p45.00 _q1 _r0 _sY _tBOOK _u2016-9-29 _xINGENIERIA _PP25 _0COMPRA _o.STAFF. Colección General Juliaca |
||
| 999 |
_a515.43 L81 T3 2013 _wDEWEY _c17 _iFJ02300 _f2022-1-19 _g4 _lCCODEBUJ1 _mBUJ _p45.00 _r0 _sY _tBOOK _u2016-9-29 _xINGENIERIA _PP25 _0COMPRA _o.STAFF. Colección General Juliaca |
||
| 999 |
_a515.43 L81 T3 2013 _wDEWEY _c18 _iFJ02301 _d2019-4-22 _e2019-4-17 _f2022-1-19 _g4 _lCCODEBUJ1 _mBUJ _n1 _p45.00 _q1 _r0 _sY _tBOOK _u2016-9-29 _xINGENIERIA _PP25 _0COMPRA _o.STAFF. Colección General Juliaca |
||
| 999 |
_a515.43 L81 T3 2013 _wDEWEY _c19 _iFJ02302 _f2022-1-19 _g4 _lCCODEBUJ1 _mBUJ _p45.00 _r0 _sY _tBOOK _u2016-9-29 _xINGENIERIA _PP25 _0COMPRA _o.STAFF. Colección General Juliaca |
||
| 999 |
_a515.43 L81 T3 2013 _wDEWEY _c20 _iFJ02303 _d2019-8-12 _e2019-8-7 _f2022-1-19 _g4 _lCCODEBUJ1 _mBUJ _n7 _p45.00 _q9 _r0 _sY _tBOOK _u2016-9-29 _xINGENIERIA _PP25 _0COMPRA _o.STAFF. Colección General Juliaca |
||
| 999 |
_a515.43 L81 T3 2013 _wDEWEY _c21 _iFJ02304 _d2018-11-13 _e2018-3-8 _f2022-1-19 _g4 _lCCODEBUJ1 _mBUJ _n1 _p45.00 _q2 _r0 _sY _tBOOK _u2016-9-29 _xINGENIERIA _PP25 _0COMPRA _o.STAFF. Colección General Juliaca |
||
| 999 |
_a515.43 L81 T3 2013 _wDEWEY _c22 _iFJ02305 _d2018-10-3 _f2022-1-19 _g4 _lCCODEBUJ1 _mBUJ _p45.00 _q1 _r0 _sY _tBOOK _u2016-9-29 _xINGENIERIA _PP25 _0COMPRA _o.STAFF. Colección General Juliaca |
||
| 999 |
_a515.43 L81 T3 2013 _wDEWEY _c23 _iFJ02306 _d2019-11-27 _e2018-3-6 _f2022-1-19 _g4 _lCCODEBUJ1 _mBUJ _n3 _p45.00 _q2 _r0 _sY _tBOOK _u2016-9-29 _xINGENIERIA _PP25 _0COMPRA _o.STAFF. Colección General Juliaca |
||
| 999 |
_a515.43 L74 2013 _wDEWEY _c1 _iFJ02309 _f2022-1-19 _g4 _lCCODEBUJ1 _mBUJ _r0 _sY _tBOOK _u2016-11-22 _xINGENIERIA _PP25 _0UNKNOWN _o.STAFF. Colección General Juliaca |
||
| 999 |
_a515.43 L74 2013 _wDEWEY _c2 _iFJ02310 _f2022-1-19 _g4 _lCCODEBUJ1 _mBUJ _r0 _sY _tBOOK _u2016-11-22 _xINGENIERIA _PP25 _0UNKNOWN _o.STAFF. Colección General Juliaca |
||
| 999 |
_a515.43 L74 2013 _wDEWEY _c3 _iFJ02311 _f2022-1-19 _g4 _lCCODEBUJ1 _mBUJ _r0 _sY _tBOOK _u2016-11-22 _xINGENIERIA _PP25 _0UNKNOWN _o.STAFF. Colección General Juliaca |
||
| 999 |
_a515.43 L74 2013 _wDEWEY _c4 _iFJ02312 _f2022-1-19 _g4 _lCCODEBUJ1 _mBUJ _r0 _sY _tBOOK _u2016-11-22 _xINGENIERIA _PP25 _0COMPRA _o.STAFF. Colección General Juliaca |
||
| 999 |
_a515.43 L74 2013 _wDEWEY _c5 _iFJ02313 _f2022-1-19 _g4 _lCCODEBUJ1 _mBUJ _r0 _sY _tBOOK _u2016-11-22 _xINGENIERIA _PP25 _0UNKNOWN _o.STAFF. Colección General Juliaca |
||
| 999 |
_a515.43 L74 2013 _wDEWEY _c6 _iFJ02314 _f2022-1-19 _g4 _lCCODEBUJ1 _mBUJ _r0 _sY _tBOOK _u2016-11-22 _xINGENIERIA _PP25 _0UNKNOWN _o.STAFF. Colección General Juliaca |
||
| 999 |
_a515.43 L74 2013 _wDEWEY _c7 _iFJ02315 _f2022-1-19 _g4 _lCCODEBUJ1 _mBUJ _r0 _sY _tBOOK _u2016-11-22 _xINGENIERIA _PP25 _0UNKNOWN _o.STAFF. Colección General Juliaca |
||
| 999 |
_a515.43 L74 2013 _wDEWEY _c8 _iFJ02316 _d2019-3-25 _e2019-3-21 _f2022-1-19 _g4 _lCCODEBUJ1 _mBUJ _n1 _q1 _r0 _sY _tBOOK _u2016-11-22 _xINGENIERIA _PP25 _0UNKNOWN _o.STAFF. Colección General Juliaca |
||
| 999 |
_a515.43 L74 2013 _wDEWEY _c9 _iFJ02317 _f2022-1-19 _g4 _lCCODEBUJ1 _mBUJ _r0 _sY _tBOOK _u2016-11-22 _xINGENIERIA _PP25 _0UNKNOWN _o.STAFF. Colección General Juliaca |
||
| 999 |
_a515.43 L74 2013 _wDEWEY _c10 _iFJ02318 _f2022-1-19 _g4 _lCCODEBUJ1 _mBUJ _r0 _sY _tBOOK _u2016-11-22 _xINGENIERIA _PP25 _0UNKNOWN _o.STAFF. Colección General Juliaca |
||
| 999 |
_a515.43 L74 2013 _wDEWEY _c11 _iFJ02319 _f2022-1-19 _g5 _lCCODEBUJ1 _mBUJ _r0 _sY _tBOOK _u2016-11-22 _xINGENIERIA _PP25 _0UNKNOWN _o.STAFF. Colección General Juliaca |
||
| 999 |
_a515.43 L74 2013 _wDEWEY _c12 _iFJ02320 _f2022-1-19 _g4 _lCCODEBUJ1 _mBUJ _r0 _sY _tBOOK _u2016-11-22 _xINGENIERIA _PP25 _0UNKNOWN _o.STAFF. Colección General Juliaca |
||
| 999 |
_a515.43 L74 2013 _wDEWEY _c13 _iFJ02321 _f2022-1-19 _g4 _lCCODEBUJ1 _mBUJ _r0 _sY _tBOOK _u2016-11-22 _xINGENIERIA _PP25 _0UNKNOWN _o.STAFF. Colección General Juliaca |
||
| 999 |
_a515.43 L74 2013 _wDEWEY _c14 _iFJ02322 _f2022-1-19 _g4 _lCCODEBUJ1 _mBUJ _r0 _sY _tBOOK _u2016-11-22 _xINGENIERIA _PP25 _0UNKNOWN _o.STAFF. Colección General Juliaca |
||
| 999 |
_a515.43 L74 2013 _wDEWEY _c15 _iFJ02323 _d2019-3-8 _e2019-3-7 _f2022-1-19 _g4 _lCCODEBUJ1 _mBUJ _n1 _r0 _sY _tBOOK _u2016-11-22 _xINGENIERIA _PP25 _0UNKNOWN _o.STAFF. Colección General Juliaca |
||
| 999 |
_a515.43 L74 2013 _wDEWEY _c16 _iFJ02324 _f2022-1-19 _g4 _lCCODEBUJ1 _mBUJ _r0 _sY _tBOOK _u2016-11-22 _xINGENIERIA _PP25 _0UNKNOWN _o.STAFF. Colección General Juliaca |
||
| 999 |
_a515.43 L74 2013 _wDEWEY _c17 _iFJ02325 _f2022-1-19 _g4 _lCCODEBUJ1 _mBUJ _r0 _sY _tBOOK _u2016-11-22 _xINGENIERIA _PP25 _0UNKNOWN _o.STAFF. Colección General Juliaca |
||
| 999 |
_a515.43 L74 2013 _wDEWEY _c18 _iFJ02326 _d2019-3-8 _e2019-3-8 _f2022-1-19 _g4 _lCCODEBUJ1 _mBUJ _n1 _r0 _sY _tBOOK _u2016-11-22 _xINGENIERIA _PP25 _0UNKNOWN _o.STAFF. Colección General Juliaca |
||
| 999 |
_a515.43 L74 2013 _wDEWEY _c19 _iFJ02327 _f2022-1-19 _g4 _lCCODEBUJ1 _mBUJ _r0 _sY _tBOOK _u2016-11-22 _xINGENIERIA _PP25 _0UNKNOWN _o.STAFF. Colección General Juliaca |
||
| 999 |
_a515.43 L74 2013 _wDEWEY _c20 _iFJ02328 _f2022-1-19 _g4 _lCCODEBUJ1 _mBUJ _r0 _sY _tBOOK _u2016-11-22 _xINGENIERIA _PP25 _0UNKNOWN _o.STAFF. Colección General Juliaca |
||
| 999 |
_a515.43 L74 2013 _wDEWEY _c21 _iFJ02329 _f2022-1-19 _g4 _lCCODEBUJ1 _mBUJ _r0 _sY _tBOOK _u2016-11-22 _xINGENIERIA _PP25 _0UNKNOWN _o.STAFF. Colección General Juliaca |
||
| 999 |
_a515.43 L74 2013 _wDEWEY _c22 _iFJ02330 _f2022-1-19 _g4 _lCCODEBUJ1 _mBUJ _r0 _sY _tBOOK _u2016-11-22 _xINGENIERIA _PP25 _0UNKNOWN _o.STAFF. Colección General Juliaca |
||
| 999 |
_a515.43 L74 2013 _wDEWEY _c23 _iFJ02331 _f2022-1-19 _g4 _lCCODEBUJ1 _mBUJ _r0 _sY _tBOOK _u2016-11-22 _xINGENIERIA _PP25 _0UNKNOWN _o.STAFF. Colección General Juliaca |
||
| 999 |
_a515.43 L74 2013 _wDEWEY _c24 _iFJ11080 _d2019-3-25 _f2022-1-19 _g3 _lCCODEBUJ1 _mBUJ _p25.00 _q3 _r0 _sY _tBOOK _u2018-7-4 _xFCE _PP08 _0COMPRA _o.STAFF. Colección General Juliaca |
||
| 999 |
_a515.43 L74 2013 _wDEWEY _c25 _iFJ11079 _d2018-7-11 _f2022-1-19 _g3 _lCCODEBUJ1 _mBUJ _p21.00 _q1 _r0 _sY _tBOOK _u2018-7-4 _xINGENIERIA _PP25 _0COMPRA _o.STAFF. Colección General Juliaca |
||
| 999 |
_a515.43 L81 2013 _wDEWEY _c1 _iFT01019 _d2022-6-14 _e2022-6-10 _f2019-2-20 _g1 _lCCODEBUT1 _mBUT _n2 _p25.00 _r0 _sY _tBOOK _u2017-10-11 _xINGENIERIA _PP06 _0COMPRA _o.STAFF. Colección General |
||
| 999 |
_a515.43 L81 2013 _wDEWEY _c2 _iFT00297 _f2019-2-20 _g1 _lCCODEBUT1 _mBUT _p25.00 _r0 _sY _tBOOK _u2017-10-11 _xINGENIERIA _PP06 _0COMPRA _o.STAFF. Colección General |
||
| 999 |
_a515.43 L81 2013 _wDEWEY _c3 _iFT03463 _f2019-2-20 _g1 _lCCODEBUT1 _mBUT _p20.00 _r0 _sY _tBOOK _u2018-5-8 _xINGENIERIA _PP06 _0DONACION _o.STAFF. Coleccion general |
||
| 999 |
_a515.43 L74 2013 _wDEWEY _c1 _iFT00335 _f2019-2-20 _g1 _lCCODEBUT1 _mBUT _r0 _sY _tBOOK _u2017-10-11 _xINGENIERIA _PP06 _0COMPRA _o.STAFF. Colección General |
||
| 999 |
_a515.43 L74 2013 _wDEWEY _c2 _iFT00479 _f2019-2-20 _g1 _lCCODEBUT1 _mBUT _r0 _sY _tBOOK _u2017-10-11 _xINGENIERIA _PP06 _0COMPRA _o.STAFF. Colección General |
||
| 980 |
_81 _gALBERTO SANCHEZ Responsable de Automatización |
||